<?xml version="1.0" encoding="UTF-8"?><?xml-stylesheet type="text/xsl" href="static/style.xsl"?><OAI-PMH xmlns="http://www.openarchives.org/OAI/2.0/" xmlns:xsi="http://www.w3.org/2001/XMLSchema-instance" xsi:schemaLocation="http://www.openarchives.org/OAI/2.0/ http://www.openarchives.org/OAI/2.0/OAI-PMH.xsd"><responseDate>2026-06-01T02:28:39Z</responseDate><request verb="GetRecord" identifier="oai:riuma.uma.es:10630/33224" metadataPrefix="marc">https://riuma.uma.es/rest/oai/request</request><GetRecord><record><header><identifier>oai:riuma.uma.es:10630/33224</identifier><datestamp>2026-02-03T11:06:28Z</datestamp><setSpec>com_10630_2254</setSpec><setSpec>col_10630_37953</setSpec></header><metadata><record xmlns="http://www.loc.gov/MARC21/slim" xmlns:dcterms="http://purl.org/dc/terms/" xmlns:doc="http://www.lyncode.com/xoai" xmlns:xsi="http://www.w3.org/2001/XMLSchema-instance" xsi:schemaLocation="http://www.loc.gov/MARC21/slim http://www.loc.gov/standards/marcxml/schema/MARC21slim.xsd">
   <leader>00925njm 22002777a 4500</leader>
   <datafield ind2=" " ind1=" " tag="042">
      <subfield code="a">dc</subfield>
   </datafield>
   <datafield ind2=" " ind1=" " tag="720">
      <subfield code="a">Labella Vera, Alejandro Manuel</subfield>
      <subfield code="e">author</subfield>
   </datafield>
   <datafield ind2=" " ind1=" " tag="720">
      <subfield code="a">Castro, Dolores</subfield>
      <subfield code="e">author</subfield>
   </datafield>
   <datafield ind2=" " ind1=" " tag="720">
      <subfield code="a">Manchado, Manuel</subfield>
      <subfield code="e">author</subfield>
   </datafield>
   <datafield ind2=" " ind1=" " tag="720">
      <subfield code="a">Lucena, Teresa</subfield>
      <subfield code="e">author</subfield>
   </datafield>
   <datafield ind2=" " ind1=" " tag="720">
      <subfield code="a">Arahal, David</subfield>
      <subfield code="e">author</subfield>
   </datafield>
   <datafield ind2=" " ind1=" " tag="720">
      <subfield code="a">Borrego, Juan José</subfield>
      <subfield code="e">author</subfield>
   </datafield>
   <datafield ind2=" " ind1=" " tag="260">
      <subfield code="c">2018-09-01</subfield>
   </datafield>
   <datafield ind2=" " ind1=" " tag="520">
      <subfield code="a">tThree strains, H01100409BT, H01100413B, and H27100402HT, were isolated from several internal organsof diseased redbanded seabream (Pagrus auriga) reared in Andalusia (Southern Spain). All strains werestudied by phenotypic, including chemotaxonomy, and genomic characteristics. Phylogenetic analysisbased on concatenated sequences of six housekeeping genes (gyrB, ftsZ, topA, mreB, gapA, and 16S rRNA)supported the inclusion of the strains within the clade Phosphoreum of the genus Photobacterium, and twoof the strains (H27100402HTand H01100409BT) formed a tight group separated from the closest speciesP. aquimaris. Genomic analyses, including average nucleotide identity (ANIb and ANIm) and DNA–DNAhybridization (DDH), clearly separated strains H27100402HTand H01100409BTfrom the other specieswithin the clade Phosphoreum with values below the thresholds for species delineation. The chemotaxo-nomic features (including FAME analysis and MALDI-TOF-MS) of H27100402HTand H01100409BTstrainsconfirmed their differentiation from the related taxa. The results demonstrated that strain H01100413Bwas classified as P. aquimaris and the strains H27100402HTand H01100409BTrepresented a new specieseach in the genus Photobacterium, for which we propose the names Photobacterium malacitanum sp. nov.,type strain H27100402HT(=CECT 9190T= LMG 29992T), and Photobacterium andalusiense sp. nov., typestrain H01100409BT(=CECT 9192T= LMG 29994T).</subfield>
   </datafield>
   <datafield ind1="8" ind2=" " tag="024">
      <subfield code="a">Labella AM, Castro MD, Manchado M, Lucena T, Arahal DR, Borrego JJ. Photobacterium malacitanum sp. nov., and Photobacterium andalusiense sp. nov., two new bacteria isolated from diseased farmed fish in Southern Spain. Syst Appl Microbiol. 2018 Sep;41(5):444-451. doi: 10.1016/j.syapm.2018.04.005. Epub 2018 May 24. PMID: 29804705.</subfield>
   </datafield>
   <datafield ind1="8" ind2=" " tag="024">
      <subfield code="a">https://hdl.handle.net/10630/33224</subfield>
   </datafield>
   <datafield ind1="8" ind2=" " tag="024">
      <subfield code="a">https://doi.org/10.1016/j.syapm.2018.04.005</subfield>
   </datafield>
   <datafield tag="653" ind2=" " ind1=" ">
      <subfield code="a">Peces - Enfermedades bacterianas</subfield>
   </datafield>
   <datafield ind2="0" ind1="0" tag="245">
      <subfield code="a">Photobacterium malacitanum sp. nov., and Photobacteriumandalusiense sp. nov., two new bacteria isolated from diseased farmedfish in Southern Spain</subfield>
   </datafield>
</record>
</metadata></record></GetRecord></OAI-PMH>